000 00836 a2200217 4500
001 54380
005 20260407155816.0
008 260407a2009 arg spa d
003 AR-UNSa-BCEJYS
040 _aAR-UNSa-BCEJYS
_bspa
_cAR-UNSa-BCEJYS
080 _a336.2:323.17
_xFederalismo Fiscal
245 1 0 _aFederalismo fiscal y coparticipación
020 _a978-987-660-023-1
264 1 _aBuenos Aires :
_bEDICON (Fondo Editorial Consejo)
_c2009
300 _a99 p.
_c22 cm.
505 _aI. Introducción - II. Marco teórico - III. Marco histórico - IV. Marco institucional - V. Incentivos fácticos del sistema - VI. Discusión de conclusiones - VII. Apéndice: Normativa vigente - VIII. Bibliografía
942 _cBK
590 _aniveau_biblio:m niveau_hierar:0
100 1 _aFerro, Gustavo
700 1 _aAguerre, Magdalena
999 _c5540
_d5540